000 00393 a2200133 4500
001 ART_10632
005 20260410161830.0
008 260409a
245 1 0 _aMercado laboral
100 1 _aArrufat, José Luis
700 1 _aDiaz Cafferata, Alberto M.
700 1 _aFigueras, Alberto José
773 0 _tActualidad Económica
_g- Año IX, Nº 46 (jul./dic. 1999)
_wREV5083
999 _c23178
_d23178